[Event "29th Czech Open B 2018"]
[Site "Pardubice CZE"]
[Date "2018.07.22"]
[Round "3.9"]
[White "Sim, Jia Ru"]
[Black "Balenovic, Zvonimir"]
[Result "1-0"]
[BlackTitle "FM"]
[WhiteElo "1917"]
[BlackElo "2114"]
[WhiteFideId "5716110"]
[BlackFideId "14501252"]
[EventDate "2018.07.20"]

1. e4 d6 2. d4 Nf6 3. Nc3 g6 4. f4 Bg7 5. Nf3 O-O 6. Bd3 Nc6 7. e5 dxe5 8. dxe5
Nd5 9. Nxd5 Qxd5 10. Qe2 Bg4 11. Be4 Qa5+ 12. c3 Nd4 13. Qf2 Nb3 14. Rb1 Nxc1
15. Rxc1 Qxa2 16. O-O c6 17. Nd4 Qa5 18. Qh4 c5 19. b4 Qc7 20. bxc5 Bc8 21. c6
Rb8 22. c4 Re8 23. Qf2 a6 24. f5 gxf5 25. Nxf5 Bxf5 26. Qxf5 Qxe5 27. Qxh7+ Kf8
28. Bg6 f6 29. Bxe8 Rxe8 30. cxb7 Rb8 31. Rb1 Qe3+ 32. Kh1 Qc5 33. Qf5 Qc7 34.
Qd5 Bh6 35. c5 Bf4 36. Rb4 Qe5 37. Qxe5 Bxe5 38. c6 Ke8 39. Rd1 a5 40. Rc4 Rd8
41. Rcd4 Rb8 42. Rd7 1-0

[Event "29th Czech Open B 2018"]
[Site "Pardubice CZE"]
[Date "2018.07.22"]
[Round "3.10"]
[White "Spindler, Florian"]
[Black "Galicek, Stanislav"]
[Result "0-1"]
[WhiteElo "1911"]
[BlackElo "2089"]
[WhiteFideId "12964387"]
[BlackFideId "316342"]
[EventDate "2018.07.20"]

1. e4 c5 2. Nf3 d6 3. d4 cxd4 4. Nxd4 Nf6 5. Nc3 a6 6. Be3 e5 7. Nb3 Be6 8. f3
Be7 9. Qd2 O-O 10. O-O-O Nbd7 11. g4 b5 12. h4 b4 13. Nd5 Bxd5 14. exd5 a5 15.
g5 Ne8 16. Kb1 Nc5 17. Bc4 a4 18. Nxc5 dxc5 19. d6 Nxd6 20. Qg2 Qb6 21. Bd5 Nf5
22. Bc1 Rad8 23. h5 Rxd5 24. Rxd5 Qe6 25. f4 exf4 26. Bxf4 Ne3 27. Bxe3 Qxe3 28.
Rhd1 a3 29. Qd2 Qxd2 30. R1xd2 Ra8 31. Re5 Bf8 32. Rd7 h6 33. gxh6 gxh6 34. bxa3
bxa3 35. Rb7 Rd8 36. Kc1 Bg7 37. Re1 Bf6 38. Rf1 Kg7 39. c4 Rd4 40. Kc2 Rxc4+
41. Kb3 Rc3+ 42. Ka4 Rh3 43. Rf5 c4 44. Rc7 c3 45. Rfc5 Re3 46. Kb3 Re1 47. R7c6
Rb1+ 48. Ka4 Rb2 49. Rf5 Be7 50. Rc7 Rb4+ 51. Ka5 Re4 52. Kb5 Bf6 53. Rc6 Be5
54. Rc5 f6 55. Rf2 Re1 56. Rg2+ Kf8 57. Ka4 Rb1 58. Rb5 Rb2 59. Rg1 Rxb5 60.
Kxb5 Bf4 61. Rg2 Bd2 0-1

[Event "29th Czech Open B 2018"]
[Site "Pardubice CZE"]
[Date "2018.07.22"]
[Round "3.11"]
[White "Koehn, Lennart"]
[Black "Koehler, Inken"]
[Result "1-0"]
[WhiteElo "2087"]
[BlackElo "1991"]
[WhiteFideId "12938041"]
[BlackFideId "12929301"]
[EventDate "2018.07.20"]

1. e4 c5 2. Nc3 a6 3. g3 b5 4. Bg2 Bb7 5. d3 e6 6. Nh3 Nc6 7. O-O d6 8. f4 Be7
9. Be3 Nf6 10. e5 Nd7 11. exd6 Bxd6 12. Ne4 Be7 13. f5 e5 14. Qg4 Rg8 15. Nhg5
Nf6 16. Qh3 Nxe4 17. Nxe4 Nd4 18. Qxh7 Rf8 19. Rf2 b4 20. f6 gxf6 21. Nxf6+ Bxf6
22. Bxb7 Ra7 23. Qe4 Qe7 24. Bxd4 cxd4 25. Qc6+ Qd7 26. Qxf6 Rxb7 27. Re1 Rb5
28. Rfe2 Rg8 29. Rxe5+ Rxe5 30. Rxe5+ Kf8 31. Qh6+ 1-0

[Event "29th Czech Open B 2018"]
[Site "Pardubice CZE"]
[Date "2018.07.22"]
[Round "3.12"]
[White "Blodig, Reinhard"]
[Black "Yanjinlkham, Bayarsaikhan"]
[Result "0-1"]
[BlackTitle "WFM"]
[WhiteElo "2078"]
[BlackElo "1984"]
[WhiteFideId "4607597"]
[BlackFideId "4901452"]
[EventDate "2018.07.20"]

1. e4 g6 2. Nc3 Bg7 3. g3 c5 4. Bg2 Nc6 5. d3 e6 6. Be3 d6 7. Qd2 Rb8 8. Nf3 Nd4
9. O-O b5 10. Nd1 e5 11. c3 Nxf3+ 12. Bxf3 Ne7 13. Bg2 O-O 14. f4 a5 15. fxe5
Bxe5 16. Bh6 Bg7 17. Rf2 d5 18. Bxg7 Kxg7 19. Qf4 Be6 20. Ne3 d4 21. Qe5+ Kg8
22. Nd5 Bxd5 23. exd5 Nf5 24. Bh3 Re8 25. Qf4 Qxd5 26. Bxf5 Qxf5 27. Qxf5 gxf5
28. Rxf5 Re2 29. cxd4 cxd4 30. Raf1 Rc8 31. Rxf7 Rxb2 32. a3 b4 33. axb4 axb4
34. Rd7 b3 35. Rxd4 Rd2 36. h4 b2 37. g4 Rc7 38. Rd8+ Kg7 39. Rb8 h6 40. Rb6 Rf7
41. Re1 Rc2 42. Ree6 Rc1+ 43. Kg2 b1=Q 44. Rg6+ Kf8 45. Rxb1 Rxb1 46. Rxh6 Rb4
47. g5 Rd4 48. Kg3 Rxd3+ 49. Kg4 Rd4+ 50. Kh5 Rff4 51. Ra6 Rxh4+ 52. Kg6 Ke7 53.
Kg7 Rd6 54. Ra5 Rf4 55. g6 Rg4 56. Ra7+ Kd8 0-1

[Event "29th Czech Open B 2018"]
[Site "Pardubice CZE"]
[Date "2018.07.22"]
[Round "3.13"]
[White "Kusa, Jakub"]
[Black "Vakulenko, Oleksandr"]
[Result "0-1"]
[WhiteElo "2061"]
[BlackElo "1941"]
[WhiteFideId "395595"]
[BlackFideId "14156130"]
[EventDate "2018.07.20"]

1. e4 e5 2. Nf3 Nc6 3. Bb5 a6 4. Ba4 Nf6 5. d3 b5 6. Bb3 Be7 7. O-O d6 8. c3 O-O
9. Nbd2 Na5 10. Bc2 c5 11. Re1 Re8 12. Nf1 Bf8 13. Ng3 g6 14. h3 Bg7 15. Nh2 d5
16. f4 exf4 17. Bxf4 Bb7 18. e5 Nd7 19. d4 cxd4 20. cxd4 f5 21. Nf3 Nf8 22. b3
Ne6 23. Qd2 Rc8 24. Rac1 Nc6 25. Rcd1 Ncxd4 26. Nxd4 Nxd4 27. Qxd4 Rxc2 28. Rc1
Rxa2 29. h4 Qxh4 30. Rc7 Bh6 31. Rxb7 Bxf4 32. Qxd5+ Kh8 33. e6 Bxg3 0-1

[Event "29th Czech Open B 2018"]
[Site "Pardubice CZE"]
[Date "2018.07.22"]
[Round "3.14"]
[White "Vlkova, Anezka"]
[Black "Cagara, Paulina"]
[Result "1-0"]
[WhiteElo "1889"]
[BlackElo "2053"]
[WhiteFideId "364339"]
[BlackFideId "1124870"]
[EventDate "2018.07.20"]

1. e4 e5 2. Nf3 Nc6 3. Bc4 Bc5 4. O-O Nf6 5. d3 d6 6. a4 a5 7. c3 h6 8. Re1 O-O
9. Nbd2 Ba7 10. Nf1 Ne7 11. Ng3 Ng6 12. d4 exd4 13. Nxd4 Re8 14. Nb5 Bc5 15. Bd2
Ng4 16. Nd4 Qf6 17. Ngf5 Bxf5 18. exf5 Qh4 19. Bxf7+ Kxf7 20. fxg6+ Kg8 21. h3
Qxf2+ 22. Kh1 Ne5 23. Qb3+ Kh8 24. Re2 Qg3 25. Qxb7 Bb6 26. Rae1 Qxg6 27. Qd5
Nd3 28. Re6 c6 29. Qxc6 Nf2+ 30. Kh2 Qh5 31. Rxe8+ Kh7 32. Qxa8 Bxd4 33. Rh8+
Kg6 34. Qe8+ 1-0

[Event "29th Czech Open B 2018"]
[Site "Pardubice CZE"]
[Date "2018.07.22"]
[Round "3.15"]
[White "Cach, Jakub"]
[Black "Dhyana, Patel"]
[Result "1/2-1/2"]
[BlackTitle "WFM"]
[WhiteElo "2044"]
[BlackElo "1843"]
[WhiteFideId "332933"]
[BlackFideId "35006908"]
[EventDate "2018.07.20"]

1. e4 c5 2. Nf3 Nc6 3. d4 cxd4 4. Nxd4 g6 5. Nc3 Bg7 6. Be3 Nf6 7. Nxc6 bxc6 8.
e5 Ng8 9. f4 Nh6 10. Bd3 d6 11. Qf3 d5 12. Ne2 Qa5+ 13. c3 O-O 14. Nd4 Qc7 15.
Nb3 Rb8 16. h3 f6 17. exf6 Bxf6 18. O-O Bg7 19. c4 Qd7 1/2-1/2

[Event "29th Czech Open B 2018"]
[Site "Pardubice CZE"]
[Date "2018.07.22"]
[Round "3.16"]
[White "Vinokur, Leonid"]
[Black "Yakimenko, Alexander A."]
[Result "1/2-1/2"]
[WhiteElo "1684"]
[BlackElo "2035"]
[WhiteFideId "34171557"]
[BlackFideId "24141917"]
[EventDate "2018.07.20"]

1. d4 e6 2. Nf3 Nf6 3. g3 c5 4. Bg2 Nc6 5. O-O Qb6 6. e3 d5 7. c4 cxd4 8. cxd5
Nxd5 9. Nxd4 Nxd4 10. exd4 Be7 11. Re1 Bd7 12. Bxd5 exd5 13. Nc3 Be6 14. Bf4 O-O
15. Rb1 Rfe8 16. Qf3 Qa5 17. h4 Rac8 18. a3 a6 19. h5 h6 20. g4 Qd8 21. Rbc1 Qd7
22. Qg2 Bxg4 23. Nxd5 Bf8 24. Bxh6 Kh8 25. Bf4 Bxh5 26. Ne3 Kg8 27. Be5 1/2-1/2

[Event "29th Czech Open B 2018"]
[Site "Pardubice CZE"]
[Date "2018.07.22"]
[Round "3.17"]
[White "Smirnov, Boris"]
[Black "Folkova, Martina"]
[Result "1/2-1/2"]
[BlackTitle "WFM"]
[WhiteElo "2200"]
[BlackElo "1999"]
[WhiteFideId "4149971"]
[BlackFideId "304271"]
[EventDate "2018.07.20"]

1. c4 e6 2. g3 d5 3. Bg2 dxc4 4. Qa4+ Bd7 5. Qxc4 Bc6 6. Nf3 Nf6 7. O-O Nbd7 8.
Qc2 Bd6 9. d3 O-O 10. Nbd2 Qe7 11. Nc4 e5 12. Na5 Nb8 13. Nxc6 Nxc6 14. Be3 Nb4
15. Qb3 Nbd5 16. Bd2 c6 17. e4 Nb6 18. Rfe1 Bc5 19. h3 Rfd8 20. Rad1 Qc7 21. Bc3
Nbd7 22. d4 exd4 23. Bxd4 Bxd4 24. Nxd4 Nc5 25. Qc4 Qb6 26. b3 Rd7 27. e5 Nd5
28. Nf5 Ne6 29. Qh4 Qc5 30. Be4 Nf8 31. Qg4 g6 32. Rc1 Qa3 33. Bb1 Ne6 34. Rc4
Qf8 35. Nd6 Qg7 36. f4 h5 37. Qf3 Nb6 38. Rc2 Nd4 39. Qf2 Nxc2 40. Bxc2 Rad8 41.
f5 Nc8 42. Ne4 Kh8 43. f6 Qh6 44. h4 Kg8 45. Re2 Qc1+ 46. Kg2 Rd5 47. Ng5 Rd2
48. Nf3 Rxe2 49. Qxe2 Re8 50. Ng5 Rd8 51. Nf3 Re8 52. Bxg6 fxg6 53. Qe4 Kh7 54.
Ng5+ Kh6 55. Nf7+ 1/2-1/2

[Event "29th Czech Open B 2018"]
[Site "Pardubice CZE"]
[Date "2018.07.22"]
[Round "3.18"]
[White "Netusil, Jakub"]
[Black "Moroder, Stefan"]
[Result "1/2-1/2"]
[WhiteElo "1996"]
[BlackElo "2183"]
[WhiteFideId "325139"]
[BlackFideId "826537"]
[EventDate "2018.07.20"]

1. d4 d6 2. Nf3 Nf6 3. Bf4 g6 4. e3 Nh5 5. Bg5 h6 6. Bh4 Bg7 7. Be2 c5 8. c3 Qb6
9. Qb3 g5 10. Nfd2 Qxb3 11. Nxb3 cxd4 12. Nxd4 Nf6 13. Bg3 Ne4 14. Nb5 Kd8 15.
Bf3 Nxg3 16. hxg3 a6 17. Nd4 Kc7 18. Nd2 Nc6 19. O-O-O Rd8 20. Be4 e6 21. N2f3
d5 22. Bc2 Bd7 23. Rd2 Rac8 24. Nxc6 bxc6 25. e4 a5 26. Re1 Re8 27. Nd4 1/2-1/2

[Event "29th Czech Open B 2018"]
[Site "Pardubice CZE"]
[Date "2018.07.22"]
[Round "3.19"]
[White "Maslak, Alexander"]
[Black "Brenninger, Daniel"]
[Result "1/2-1/2"]
[WhiteElo "2154"]
[BlackElo "1975"]
[WhiteFideId "4130871"]
[BlackFideId "864129"]
[EventDate "2018.07.20"]

1. Nf3 d5 2. g3 Nf6 3. Bg2 c5 4. O-O Nc6 5. d4 e6 6. c4 cxd4 7. Nxd4 Bc5 8. Nb3
Bb6 9. Bg5 dxc4 10. N3d2 Na5 11. Qc2 h6 12. Bxf6 Qxf6 13. Na3 O-O 14. Naxc4 Nxc4
15. Nxc4 Bc7 16. Rad1 Rb8 17. Nd6 Qe7 18. Nxc8 Rfxc8 1/2-1/2

[Event "29th Czech Open B 2018"]
[Site "Pardubice CZE"]
[Date "2018.07.22"]
[Round "3.20"]
[White "Wiesner, Paula"]
[Black "Mulenko, Alexander"]
[Result "1/2-1/2"]
[WhiteElo "1974"]
[BlackElo "2109"]
[WhiteFideId "24654019"]
[BlackFideId "24105430"]
[EventDate "2018.07.20"]

1. e4 Nf6 2. Nc3 d5 3. exd5 Nxd5 4. Bc4 c6 5. Qf3 Be6 6. Nge2 Nc7 7. Bxe6 Nxe6
8. d3 g6 9. O-O Bg7 10. Be3 O-O 11. Rad1 Na6 12. d4 Nb4 13. d5 Nxd5 14. Nxd5
cxd5 15. Rxd5 Qc7 16. c3 Rad8 17. Rfd1 b6 18. Nf4 Nxf4 19. Bxf4 e5 20. Bg3 Rxd5
21. Rxd5 Qc4 22. b3 e4 23. bxc4 exf3 24. c5 Rc8 25. gxf3 Bxc3 26. cxb6 axb6 27.
Be5 Bxe5 28. Rxe5 Rc2 29. Rb5 Rxa2 30. Rxb6 g5 31. Kg2 Ra4 32. Rb5 h6 33. Re5
Kg7 34. Re4 Ra5 35. Kg3 Kg6 36. f4 Ra3+ 37. Re3 Rxe3+ 38. fxe3 Kf5 39. fxg5 hxg5
40. h4 gxh4+ 41. Kxh4 Ke4 42. Kg5 f5 43. Kf6 Kxe3 44. Kxf5 1/2-1/2

[Event "29th Czech Open B 2018"]
[Site "Pardubice CZE"]
[Date "2018.07.22"]
[Round "3.21"]
[White "Blazek, Milos"]
[Black "Husarik, Branko"]
[Result "1/2-1/2"]
[WhiteElo "1966"]
[BlackElo "2096"]
[WhiteFideId "14902397"]
[BlackFideId "324140"]
[EventDate "2018.07.20"]

1. e4 Nc6 2. d4 d5 3. Nc3 Nf6 4. e5 Ne4 5. Nxe4 dxe4 6. c3 Bf5 7. Bb5 a6 8.
Bxc6+ bxc6 9. Ne2 e6 10. Be3 Be7 11. O-O Bg6 12. Nf4 Bf5 13. f3 Bg5 14. Qe2 Bxf4
15. Bxf4 exf3 16. Qxf3 Qd5 17. Qxd5 1/2-1/2

[Event "29th Czech Open B 2018"]
[Site "Pardubice CZE"]
[Date "2018.07.22"]
[Round "3.22"]
[White "Tunger, Mario"]
[Black "Lucovnik, Tilen"]
[Result "0-1"]
[WhiteElo "1946"]
[BlackElo "2077"]
[WhiteFideId "4693221"]
[BlackFideId "14608960"]
[EventDate "2018.07.20"]

1. d4 d5 2. Nf3 Nf6 3. g3 e6 4. Bg2 c5 5. e3 Nc6 6. O-O Be7 7. Nbd2 O-O 8. c3 b6
9. Re1 Bb7 10. b3 Rc8 11. Bb2 cxd4 12. exd4 Ba6 13. h3 Bd3 14. Re3 Bg6 15. Nh4
Qd7 16. Nxg6 hxg6 17. Qe2 Ne8 18. h4 Nd6 19. Bh3 Nf5 20. Rd3 Rfe8 21. Re1 a5 22.
h5 gxh5 23. Qxh5 g6 24. Qe2 Kg7 25. Kg2 Bf6 26. f4 Rh8 27. Rh1 Rce8 28. Nf3 Qc7
29. Bc1 Nd6 30. g4 Ne4 31. g5 Be7 32. Be3 Na7 33. Rc1 Rh7 34. c4 Reh8 35. Ng1
Qd6 36. c5 Qb8 37. cxb6 Qxb6 38. Qc2 Bd8 39. Rf1 Nc6 40. a3 Ne7 41. Bf2 Qd6 42.
Be1 Nf5 43. Rff3 Nh4+ 44. Bxh4 Rxh4 45. Qc1 Bc7 46. Kf1 Rxf4 47. Ne2 Rxf3+ 48.
Rxf3 Rh5 49. Bg2 Nxg5 50. Rc3 Bd8 51. Rc6 Qe7 52. Qe3 Qxa3 53. Nf4 Rh4 54. Bxd5
exd5 55. Qe5+ Kh7 56. Nxg6 Qa1+ 0-1

[Event "29th Czech Open B 2018"]
[Site "Pardubice CZE"]
[Date "2018.07.22"]
[Round "3.23"]
[White "Drozdowski, Konrad"]
[Black "Jun, Rudolf Jr."]
[Result "1/2-1/2"]
[WhiteElo "2076"]
[BlackElo "1931"]
[WhiteFideId "1106279"]
[BlackFideId "376612"]
[EventDate "2018.07.20"]

1. e4 c5 2. Nf3 e6 3. d4 cxd4 4. Nxd4 Nf6 5. Nc3 d6 6. Bd3 a6 7. f4 Be7 8. O-O
O-O 9. Kh1 Qc7 10. Qf3 Nc6 11. Be3 Bd7 12. Rae1 b5 13. a3 Nxd4 14. Bxd4 e5 15.
Be3 Bc6 16. fxe5 dxe5 17. Bg5 Ne8 18. Bxe7 Qxe7 19. Qh3 Nd6 20. Qh5 g6 21. Qh6
Rad8 22. Re3 f6 23. Rg3 Qg7 24. Qe3 Qe7 25. Qh6 Qg7 26. Qe3 Qe7 27. Qh6 Qg7 28.
Qe3 1/2-1/2

[Event "29th Czech Open B 2018"]
[Site "Pardubice CZE"]
[Date "2018.07.22"]
[Round "3.24"]
[White "Rozmanov, Aleksandr"]
[Black "Novotna, Tereza"]
[Result "1-0"]
[WhiteElo "2075"]
[BlackElo "1890"]
[WhiteFideId "34136026"]
[BlackFideId "383597"]
[EventDate "2018.07.20"]

1. e4 d5 2. exd5 Nf6 3. d4 Bg4 4. Nf3 Qxd5 5. c4 Qf5 6. Nc3 Nc6 7. Be2 O-O-O 8.
Be3 e5 9. d5 e4 10. Nd4 Nxd4 11. Bxd4 Bb4 12. Bxg4 Nxg4 13. h3 Ne5 14. Bxe5 Qxe5
15. O-O Bd6 16. g3 h5 17. Kg2 g5 18. Nb5 Bc5 19. b4 e3 20. bxc5 e2 21. Nxa7+ Kb8
22. Qa4 exf1=Q+ 23. Rxf1 Qe2 24. c6 Qe4+ 25. f3 Qd4 26. Rb1 Qxa7 27. Rxb7+ Qxb7
28. cxb7 Kxb7 29. Qc6+ Kb8 30. c5 Rhe8 31. Qb5+ Kc8 32. c6 Rd6 33. Qb7+ Kd8 34.
Qb8+ 1-0

[Event "29th Czech Open B 2018"]
[Site "Pardubice CZE"]
[Date "2018.07.22"]
[Round "3.25"]
[White "Ochirbat, Lkhagvajamts"]
[Black "Novak, Ales"]
[Result "0-1"]
[WhiteTitle "CM"]
[WhiteElo "1933"]
[BlackElo "2071"]
[WhiteFideId "4903153"]
[BlackFideId "315397"]
[EventDate "2018.07.20"]

1. Nf3 d5 2. c4 c6 3. e3 Nf6 4. Nc3 e6 5. b3 Be7 6. Bb2 O-O 7. Be2 Nbd7 8. O-O
a6 9. d4 Re8 10. Rc1 b5 11. cxd5 cxd5 12. Ne5 Bb7 13. f4 Rc8 14. Bd3 Ne4 15. a4
b4 16. Ne2 f6 17. Nf3 Qb6 18. Nd2 Nxd2 19. Qxd2 f5 20. Rxc8 Rxc8 21. Rc1 Rc6 22.
Rxc6 Qxc6 23. Nc1 Nf6 24. Qc2 Qxc2 25. Bxc2 Ng4 26. Bd3 Nxe3 27. h3 Nd1 28. Ba1
Nc3 29. Ne2 Nxe2+ 30. Bxe2 Bd6 31. g3 g5 32. fxg5 Bxg3 33. Bh5 Kg7 34. Bb2 Bf4
35. h4 a5 36. Kf2 h6 37. gxh6+ Bxh6 38. Be8 Kf6 39. Bb5 Bc8 40. Be8 Ba6 41. Bb5
Bc8 42. Be8 Ke7 43. Bh5 Ba6 0-1

[Event "29th Czech Open B 2018"]
[Site "Pardubice CZE"]
[Date "2018.07.22"]
[Round "3.26"]
[White "Bonaposta, Fabrizio"]
[Black "Muller, Petr"]
[Result "1-0"]
[WhiteElo "2055"]
[BlackElo "1911"]
[WhiteFideId "839973"]
[BlackFideId "331589"]
[EventDate "2018.07.20"]

1. e4 d6 2. Nc3 Nf6 3. f4 c5 4. Nf3 Nc6 5. Bb5 Bd7 6. d3 a6 7. Ba4 e6 8. O-O g6
9. Qe1 Bg7 10. f5 Nd4 11. Bxd7+ Nxd7 12. fxe6 fxe6 13. Nxd4 Bxd4+ 14. Kh1 Qe7
15. Qg3 O-O-O 16. Bg5 Bf6 17. Rxf6 Nxf6 18. Qh4 Rdf8 19. e5 dxe5 20. Ne4 Qd7 21.
Bxf6 Rhg8 22. Bxe5 g5 23. Qg3 Rg6 24. h3 g4 25. h4 Rf5 26. Nd6+ Kd8 27. Nxf5
exf5 28. Re1 Qd5 29. Qf4 g3 30. Qxf5 Qg8 31. Bf6+ Kc7 32. Qxc5+ Kb8 33. Be5+ Ka8
34. Bd4 Qb8 35. Re8 1-0

[Event "29th Czech Open B 2018"]
[Site "Pardubice CZE"]
[Date "2018.07.22"]
[Round "3.27"]
[White "Trost, Edvin"]
[Black "Pozun, Matej"]
[Result "1/2-1/2"]
[WhiteElo "1925"]
[BlackElo "2047"]
[WhiteFideId "1729519"]
[BlackFideId "14618788"]
[EventDate "2018.07.20"]

1. e4 c5 2. Nf3 Nc6 3. d4 cxd4 4. Nxd4 Nf6 5. Nc3 e5 6. Ndb5 d6 7. Bg5 a6 8. Na3
b5 9. Nd5 Be7 10. Bxf6 Bxf6 11. c4 b4 12. Nc2 a5 13. b3 Bg5 14. g3 O-O 15. Bg2
Be6 16. O-O Ne7 17. Nce3 Bxe3 18. Nxe3 Qb6 19. Nf5 Bxf5 20. exf5 Rad8 21. Qd3 f6
22. Rad1 g6 23. Be4 Kg7 24. Rd2 d5 25. cxd5 gxf5 26. Bg2 e4 27. Qc4 Rd6 28. Rfd1
Rc8 29. Qe2 Rcd8 30. g4 Rxd5 31. Rxd5 Rxd5 32. Rxd5 Nxd5 33. gxf5 Qd4 34. Qg4+
Kf8 35. Qg3 Qd1+ 36. Bf1 Kf7 37. Qh4 Kg7 38. Qxe4 Qd2 39. Bc4 Qc1+ 40. Kg2 Qg5+
41. Kf1 Qc1+ 42. Kg2 Qg5+ 43. Kf1 Qc1+ 1/2-1/2

[Event "29th Czech Open B 2018"]
[Site "Pardubice CZE"]
[Date "2018.07.22"]
[Round "3.28"]
[White "Drozdov, Vladimir E."]
[Black "Vonhoff, Nils"]
[Result "0-1"]
[WhiteElo "1913"]
[BlackElo "2040"]
[WhiteFideId "4129580"]
[BlackFideId "24692301"]
[EventDate "2018.07.20"]

1. e4 c5 2. c3 d5 3. exd5 Qxd5 4. d4 Nc6 5. Nf3 Bg4 6. Be2 e6 7. O-O Nf6 8. Be3
cxd4 9. cxd4 Bb4 10. Nc3 Qa5 11. Qb3 Qc7 12. Rac1 a6 13. h3 Bf5 14. Na4 Bd6 15.
Ne5 Be4 16. Nb6 Rb8 17. Nbc4 b5 18. Nxd6+ Qxd6 19. Nxc6 Bxc6 20. Bf4 Qxf4 21.
Rxc6 Qxd4 22. Rd1 Qa7 23. Qa3 Ne4 24. Bxb5 Qxf2+ 25. Kh2 axb5 26. Rdc1 Rd8 27.
Rc7 Nd6 0-1

[Event "29th Czech Open B 2018"]
[Site "Pardubice CZE"]
[Date "2018.07.22"]
[Round "3.29"]
[White "Braun, Kristin"]
[Black "Scherf, Karl-Heinrich"]
[Result "1/2-1/2"]
[WhiteElo "1871"]
[BlackElo "2031"]
[WhiteFideId "24656534"]
[BlackFideId "16228413"]
[EventDate "2018.07.20"]

1. e4 c5 2. Nf3 d6 3. d4 cxd4 4. Nxd4 Nf6 5. Nc3 a6 6. Be2 b5 7. a3 Bb7 8. Bf3
Nbd7 9. O-O e6 10. Re1 Rc8 11. Bd2 Qc7 12. Qe2 Ne5 13. Rad1 Be7 14. Bf4 Nxf3+
15. Nxf3 O-O 16. e5 Nd5 17. Nxd5 Bxd5 18. exd6 Bxd6 19. Bxd6 Qxd6 20. Rd2 Rfe8
21. Red1 Qf4 22. Ne5 f6 23. Nd3 Qg5 24. f3 Bb7 25. Nf2 Qc5 26. Kh1 Rc7 27. Ne4
Qe5 28. Nd6 Qxe2 29. Rxe2 Rd8 30. Red2 Rcd7 31. Ne4 Rxd2 32. Rxd2 Rxd2 33. Nxd2
e5 34. Kg1 Kf7 35. Nb3 f5 36. Kf2 g5 37. Nc5 Bc8 38. Ke3 Kf6 39. h3 h5 40. c3 a5
41. a4 bxa4 42. Nxa4 f4+ 43. Kf2 g4 44. hxg4 hxg4 45. Nc5 g3+ 46. Ke2 Ke7 47. b3
Kd6 48. Ne4+ Kc6 49. Ng5 Ba6+ 50. Ke1 Bd3 51. Ne4 Bc2 52. Nd2 Kd5 53. Ke2 Kc5
54. Ke1 1/2-1/2

[Event "29th Czech Open B 2018"]
[Site "Pardubice CZE"]
[Date "2018.07.22"]
[Round "3.30"]
[White "Kokes, Bohuslav"]
[Black "Kong, Ren En"]
[Result "0-1"]
[WhiteElo "2030"]
[BlackElo "1859"]
[WhiteFideId "312550"]
[BlackFideId "5718074"]
[EventDate "2018.07.20"]

1. e4 c5 2. Nf3 g6 3. d4 cxd4 4. Nxd4 Nc6 5. Nc3 Bg7 6. Be3 Nf6 7. Bc4 Qa5 8.
O-O O-O 9. Bb3 d6 10. h3 Bd7 11. f4 Rac8 12. Nde2 b5 13. a3 Qd8 14. g4 Na5 15.
Ng3 Nc4 16. Bxc4 Rxc4 17. Qd3 Qc7 18. g5 Nh5 19. Nxh5 gxh5 20. Nd5 Qb7 21. b3
Rc5 22. Nxe7+ Kh8 23. Bd4 Bxh3 24. Bxg7+ Kxg7 25. Qd4+ f6 26. gxf6+ Rxf6 27. Nd5
Rxd5 28. exd5 Bxf1 29. Rxf1 Qe7 30. Kf2 Kh6 31. Re1 Qf7 32. Kf3 h4 33. Rg1 Qh5+
34. Ke3 Rg6 35. Rg5 Rxg5 36. Qf6+ Qg6 37. fxg5+ Kh5 38. Kf4 Qxf6+ 39. gxf6 Kg6
40. c4 bxc4 41. bxc4 Kxf6 0-1

[Event "29th Czech Open B 2018"]
[Site "Pardubice CZE"]
[Date "2018.07.23"]
[Round "4.1"]
[White "Gabr, Mohsen"]
[Black "Koehn, Lennart"]
[Result "1-0"]
[WhiteTitle "FM"]
[WhiteElo "2287"]
[BlackElo "2087"]
[WhiteFideId "10619593"]
[BlackFideId "12938041"]
[EventDate "2018.07.20"]

1. Nf3 c5 2. g3 g6 3. Bg2 Bg7 4. O-O Nf6 5. d3 Nc6 6. Nbd2 O-O 7. e4 d6 8. c3
Rb8 9. h3 b5 10. d4 cxd4 11. cxd4 Nd7 12. Nb3 a5 13. d5 Nce5 14. Nxe5 Nxe5 15.
Re1 Nc4 16. Nd4 Bd7 17. Rb1 Qb6 18. Nc2 f5 19. b3 fxe4 20. bxc4 Qxf2+ 21. Kh1
Qxg3 22. Rb3 Rf3 23. Bxf3 Be5 24. Qe2 Qxh3+ 25. Kg1 exf3 26. Rxf3 Bh2+ 27. Qxh2
Qxf3 28. Rxe7 Bh3 29. Qf2 Qxf2+ 30. Kxf2 bxc4 31. Kg3 Bf5 32. Nd4 c3 33. Nxf5
gxf5 34. Rc7 Rb5 35. Rxc3 Rxd5 36. Bf4 Rd4 37. a3 Kf7 38. Be3 Re4 39. Kf3 Ke6
40. Bf4 Rd4 41. Be3 Re4 42. Rc7 Ra4 43. Bc1 h5 44. Ke3 h4 45. Kd3 Kd5 46. Rh7
Rg4 47. Rh5 Ke6 48. Bb2 Rf4 49. Bc3 Ra4 50. Bb2 Rf4 51. Kc2 Kd5 52. Bc3 a4 53.
Bd2 Rc4+ 54. Kd3 Rd4+ 55. Ke3 Re4+ 56. Kf3 Rd4 57. Bb4 Kc4 58. Rxf5 Kb3 59. Rb5
Ka2 60. Ke3 Rd1 61. Rh5 Rh1 62. Kd4 Kb3 63. Kd5 h3 64. Kxd6 Rd1+ 65. Kc6 Rd3 66.
Kb5 Rf3 67. Bc5 Rd3 68. Rh4 Rg3 69. Rxa4 h2 70. Rh4 Rg2 71. Rh3+ Kc2 72. a4 Kd1
73. a5 Rb2+ 74. Bb4 Ra2 75. a6 1-0

[Event "29th Czech Open B 2018"]
[Site "Pardubice CZE"]
[Date "2018.07.23"]
[Round "4.2"]
[White "Mirzoeva, Elmira"]
[Black "Haase, Pavel"]
[Result "1-0"]
[WhiteTitle "WGM"]
[BlackTitle "CM"]
[WhiteElo "2249"]
[BlackElo "1994"]
[WhiteFideId "4127951"]
[BlackFideId "360392"]
[EventDate "2018.07.20"]

1. Nf3 Nf6 2. b3 c5 3. Bb2 e6 4. c4 Be7 5. g3 d5 6. Bg2 Nc6 7. cxd5 Qxd5 8. Nc3
Qd8 9. Rc1 Nb4 10. O-O O-O 11. a3 Nbd5 12. Na4 b6 13. d4 Bd7 14. Ne5 Bxa4 15.
bxa4 Qe8 16. e4 Nc7 17. Qb3 Rd8 18. Rfd1 Bd6 19. Nd3 Nd7 20. e5 Be7 21. Bc6 Na6
22. d5 Nab8 23. f4 exd5 24. Bxd5 Kh8 25. Nf2 Na6 26. Ne4 Ndb8 27. f5 f6 28. exf6
Bxf6 29. Nxf6 gxf6 30. Re1 Qh5 31. Re7 Nd7 32. Rce1 Nab8 33. Kg2 a6 34. h4 Rg8
35. Bxg8 Rxg8 36. Qf7 Qxf5 37. Re8 Qc2+ 38. R1e2 Qg6 39. Rxg8+ Qxg8 40. Bxf6+ 1-0